| 000 | 01646cam a22004573a 4500 | ||
|---|---|---|---|
| 001 | 13832282 | ||
| 003 | OSt | ||
| 005 | 20140310182512.0 | ||
| 008 | 040429s2004 nyu b 000 1 eng d | ||
| 010 | _a 2005565507 | ||
| 020 | _a9780743487656 | ||
| 035 | _a(OCoLC)ocm55076975 | ||
| 040 |
_aIG# _cIG# _dOCLCQ _dDLC |
||
| 042 | _alccopycat | ||
| 043 | _af------ | ||
| 050 |
_aPR 6005 _b.C754 2004 |
||
| 100 | 1 |
_aConrad, Joseph, _d1857-1924. _99072 |
|
| 245 | 1 | 0 |
_aHeart of darkness : _band, The secret sharer / _cJoseph Conrad ; supplementary materials written by Susie Paul ; series edited by Cynthia Brantley Johnson. |
| 246 | 3 | 0 | _aSecret sharer |
| 260 |
_aNew York : _bPocket Books, _cc2004. |
||
| 300 |
_a216 p. ; _c18 cm. |
||
| 490 | 1 | _aEnriched classic | |
| 504 | _aIncludes bibliographical references. | ||
| 650 | 0 |
_aFugitives from justice _vFiction. _99073 |
|
| 650 | 0 |
_aShip captains _vFiction. _99074 |
|
| 650 | 0 |
_aEuropeans _zAfrica _vFiction. _99075 |
|
| 650 | 0 |
_aTrading posts _vFiction. _99076 |
|
| 650 | 0 |
_aDegeneration _vFiction. _99077 |
|
| 650 | 0 |
_aImperialism _vFiction. _99078 |
|
| 651 | 0 |
_aAfrica _vFiction. _99079 |
|
| 655 | 7 |
_aPolitical fiction. _2lcsh _91888 |
|
| 655 | 7 |
_aSea stories. _2gsafd _93247 |
|
| 700 | 1 |
_aPaul, Susie. _99080 |
|
| 710 | 2 |
_aCopyright Paperback Collection (Library of Congress) _5DLC _9705 |
|
| 830 | 0 |
_aEnriched classics series. _93136 |
|
| 856 | 4 | 2 |
_3Publisher description _uhttp://www.loc.gov/catdir/enhancements/fy0630/2005565507-d.html |
| 906 |
_a7 _bcbc _ccopycat _d2 _encip _f20 _gy-genrareb |
||
| 942 |
_2lcc _cSSLC |
||
| 999 |
_c13929 _d13929 |
||